| 000 | 00000nas##2200000za#4500 |
| 001 | 9.510207 |
| 003 | CaOODSP |
| 005 | 20210305164241 |
| 007 | ta |
| 008 | 150406c1991||||xxc|| p #||||f| |0fre|d |
| 040 | |aCaOODSP|bfre |
| 041 | |aeng |
| 041 | |afre |
| 043 | |an-cn--- |
| 086 | 1 |aXC36-343/1 |
| 110 | 1 |aCanada.|bChambre des communes. |bComité permanent du travail, de l'emploi et de l'immigration. |
| 245 | 10|aComité permanent du travail, de l'emploi et de l'immigration, procès-verbaux et témoignages / |cPrésident: M. Robert Wenman. |
| 260 | |bChambre des communes. |
| 310 | |aIrrégulier |
| 362 | 1 |a3e session, 34e législature, 40-42 Élizabeth II, 1991-1993 |
| 546 | |aBilingue |
| 791 | |tStanding Committee on Labour, Employment and Immigration, minutes of proceedings and evidence / |eeng|w(CaOODSP)9.510206 |